[Event "NED-ch Women 2018"]
[Site "Amsterdam"]
[Date "2018.07.07"]
[Round "6"]
[White "Keetman, Maaike"]
[Black "Peng, Zhaoqin"]
[Result "1-0"]
[WhiteElo "2190"]
[BlackElo "2352"]
[Annotator "NA"]
[PlyCount "122"]
[EventDate "2018.07.02"]
[EventType "tourn"]
[EventCountry "NED"]
[SourceTitle "playchess.com"]
[Source "ChessBase"]
[SourceQuality "1"]
[TimeControl "40/5400+30:1800+30"]

1. e4 {[%emt 0:00:00]} c6 {[%emt 0:00:00]} 2. d4 {[%emt 0:00:00]} d5 {[%emt 0:00:00]} 3. Nd2 {[%emt 0:00:00]} g6 {[%emt 0:00:53]} 4. h3 {[%emt 0:00:22]} Bg7 {[%emt 0:00:59]} 5. Ngf3 {[%emt 0:00:30]} Nh6 {[%emt 0:01:46]} 6. Bd3 {[%emt 0:03:33]} O-O {[%emt 0:06:57]} 7. O-O {[%emt 0:02:22]} b6 {[%emt 0:06:16]} 8. Qe2 {[%emt 0:08:50]} a5 {[%emt 0:16:09]} 9. Re1 {[%emt 0:06:32]} e6 {[%emt 0:03:00]} 10. c3 {[%emt 0:05:28]} f6 {[%emt 0:04:31]} 11. Nf1 {[%emt 0:11:45]} Nf7 {[%emt 0:00:17]} 12. c4 {[%emt 0:17:43]} Na6 {[%emt 0:12:56]} 13. Ne3 {[%emt 0:09:39]} Nb4 {[%emt 0:01:19]} 14. exd5 {[%emt 0:01:26]} exd5 {[%emt 0:04:34]} 15. cxd5 {[%emt 0:02:21]} Nxd3 {[%emt 0:06:23]} 16. Qxd3 {[%emt 0:00:05]} cxd5 {[%emt 0:00:03]} 17. Bd2 {[%emt 0:03:26]} Bb7 {[%emt 0:03:11]} 18. b4 {[%emt 0:06:41]} Nd6 {[%emt 0:04:18]} 19. bxa5 {[%emt 0:02:33]} bxa5 {[%emt 0:00:05]} 20. Rab1 {[%emt 0:02:32]} Rf7 {[%emt 0:08:03]} 21. Rec1 {[%emt 0:00:22]} Ba6 {[%emt 0:00:45]} 22. Qa3 {[%emt 0:01:09]} Nc4 {[%emt 0:01:12]} 23. Nxc4 {[%emt 0:01:23]} Bxc4 {[%emt 0:00:08]} 24. Bf4 {[%emt 0:00:25]} a4 {[%emt 0:02:10]} 25. Bd6 {[%emt 0:03:56]} Bxa2 {[%emt 0:00:47]} 26. Ra1 {[%emt 0:01:08]} Bc4 {[%emt 0:02:08]} 27. Qb4 {[%emt 0:02:08]} Bh6 {[%emt 0:01:17]} 28. Rcb1 {[%emt 0:01:47]} Bb3 {[%emt 0:04:09]} 29. Bc5 {[%emt 0:01:25]} Rb8 {[%emt 0:02:49]} 30. Qc3 {[%emt 0:00:23]} Bf8 {[%emt 0:02:05]} 31. Nd2 {[%emt 0:01:37]} Rfb7 {[%emt 0:02:01]} 32. Ra3 {[%emt 0:01:53]} Bxc5 {[%emt 0:01:58]} 33. dxc5 {[%emt 0:00:57]} d4 {[%emt 0:00:26]} 34. Qg3 {[%emt 0:00:56]} Bc2 {[%emt 0:02:00]} 35. Rxb7 {[%emt 0:01:20]} Rxb7 {[%emt 0:00:01]} 36. Nc4 {[%emt 0:00:34]} Qd5 {[%emt 0:00:47]} 37. Nb6 {[%emt 0:00:43]} Qxc5 {[%emt 0:00:31]} 38. Nxa4 {[%emt 0:00:10]} Qc6 {[%emt 0:00:50]} 39. Qg4 {[%emt 0:00:43]} Rb1+ {[%emt 0:00:42]} 40. Kh2 {[%emt 0:00:04]} Bxa4 {[%emt 0:00:25]} 41. Qxd4 {[%emt 0:02:06]} Qc7+ {[%emt 0:08:17]} 42. f4 {[%emt 0:01:10]} Bc6 {[%emt 0:05:55]} 43. Qxf6 {[%emt 0:05:51]} Qd7 {[%emt 0:06:32]} 44. Re3 {[%emt 0:02:29]} Qd5 {[%emt 0:01:40]} 45. Qe6+ {[%emt 0:04:14]} Qxe6 {[%emt 0:00:16]} 46. Rxe6 {[%emt 0:00:05]} Rc1 {[%emt 0:01:40]} 47. Re2 {[%emt 0:01:03]} Kf7 {[%emt 0:00:35]} 48. g4 {[%emt 0:04:35]} Rc3 {[%emt 0:01:32]} 49. Ra2 {[%emt 0:01:31]} Ke6 {[%emt 0:04:38]} 50. Ra7 {[%emt 0:03:28]} Bd7 {[%emt 0:01:04]} 51. Ra5 {[%emt 0:01:31]} h6 {[%emt 0:00:41]} 52. f5+ {[%emt 0:00:58]} Kf6 {[%emt 0:01:24]} 53. fxg6 {[%emt 0:00:55]} Kxg6 {[%emt 0:00:02]} 54. Ra6+ {[%emt 0:01:47]} Kg5 {[%emt 0:00:24]} 55. h4+ {[%emt 0:02:31]} Kxg4 {[%emt 0:01:58]} 56. Rxh6 {[%emt 0:00:07]} Rc2+ {[%emt 0:00:36]} 57. Kg1 {[%emt 0:00:11]} Kg3 {[%emt 0:00:18]} 58. Kf1 {[%emt 0:00:55]} Bg4 {[%emt 0:00:24]} 59. Ke1 {[%emt 0:00:39]} Re2+ {[%emt 0:00:26]} 60. Kf1 {[%emt 0:00:05]} Re8 {[%emt 0:01:11]} 61. Rg6 {[%emt 0:00:31]} Rd8 {[%emt 0:00:12]} 1-0

[Event "NED-ch Women 2018"]
[Site "Amsterdam"]
[Date "2018.07.10"]
[Round "7"]
[White "Peng, Zhaoqin"]
[Black "Haast, Anne"]
[Result "1-0"]
[WhiteElo "2352"]
[BlackElo "2342"]
[Annotator "TA"]
[PlyCount "63"]
[EventDate "2018.07.02"]
[EventType "tourn"]
[EventCountry "NED"]
[SourceTitle "playchess.com"]
[Source "ChessBase"]
[SourceQuality "1"]

{[%evp 9,63,31,42,37,71,76,87,47,54,56,75,61,150,87,93,95,97,86,97,98,95,59,47,46,48,44,52,18,42,-7,0,-12,-12,-17,-17,-10,0,0,89,0,266,0,13,0,104,109,106,109,149,133,600,544,452,321,653,717]} 1. Nf3 a6 (1... d5 2. g3 g6 3. Bg2 Bg7 4. d4 Nd7 5. O-O Ngf6 6. a4 a5 7. Bf4 O-O 8. c3 b6 9. Re1 Bb7 10. Na3 Ne4 11. Nd2 e5 12. dxe5 Nxe5 13. Nxe4 dxe4 {½-½ (36) Vachier Lagrave,M (2789)-Carlsen,M (2843) Stavanger 2018}) 2. d4 b5 3. c3 $146 ({Predecessor:} 3. e4 Bb7 4. Bd3 e6 5. O-O c5 6. c3 d6 7. Re1 Nd7 8. Nbd2 g5 9. Nf1 Be7 10. a4 c4 11. Bc2 g4 12. N3d2 h5 13. b3 d5 14. exd5 Bxd5 15. bxc4 bxc4 {1-0 (35) Buhmann,R (2601)-Molnar,A (2087) Vienna 2014}) 3... Bb7 4. a4 e6 5. Bg5 Nf6 6. Nbd2 {A04: Unusual lines after 1 Nf3 and King's Indian Attack} h6 7. Bxf6 $1 Qxf6 8. e4 {White is better.} b4 9. Bd3 c5 10. O-O d6 (10... Qd8 $14) 11. e5 ({White should play} 11. a5) 11... dxe5 12. dxe5 Qd8 13. Qe2 Nd7 14. Rfd1 Be7 15. Be4 Bxe4 $1 16. Qxe4 O-O 17. Nc4 {Strongly threatening Qb7.} Qc7 18. h4 Rfd8 19. Rd3 Nb6 20. Nxb6 Qxb6 21. Rad1 Qa5 22. Qb7 Kf8 23. cxb4 cxb4 (23... Qxb4 $11 24. Rxd8+ Rxd8 25. Rxd8+ Bxd8) 24. b3 (24. Nd4 $1 $16 {[%cal Rd4c6] Hoping for Nc6.} Rdc8 25. Nxe6+ (25. Nc6 Qc7 $11) 25... fxe6 26. Rf3+ Kg8 27. Qxe7) 24... g6 $2 {[%mdl 8192]} (24... Rxd3 $11 {and Black is okay.} 25. Rxd3 Rd8) 25. g3 $2 (25. Nd4 $1 $18 {[%cal Rd4c6]} Qc5 26. h5 $1 {[%mdl 512]} gxh5 27. Nc6) 25... Rab8 26. Qe4 {aiming for h5!} Qc7 {[#]} (26... Rxd3 $11 {keeps the balance.} 27. Rxd3 Rd8) 27. h5 $1 $16 {[%cal Rh5g6]} Rxd3 28. Rxd3 ({Worse is} 28. Qxd3 Rd8 $17) 28... gxh5 29. Qh7 $36 {[%cal Rh7h8][%mdl 2048] White is in control.} Qc1+ $2 {[%mdl 8192]} (29... Ke8 $16) 30. Kg2 {[%cal Rh7h8]} Ke8 31. Rd4 Bf8 $2 (31... Qc7 32. Qxh6 Bf8 33. Qxh5 Rd8) 32. Rc4 {Precision: White = 40%, Black = 28%.} 1-0

[Event "NED-ch Women 2018"]
[Site "Amsterdam"]
[Date "2018.07.10"]
[Round "7"]
[White "Paulet, Iozefina"]
[Black "Lanchava, Tea"]
[Result "0-1"]
[WhiteElo "2286"]
[BlackElo "2310"]
[Annotator "TA"]
[PlyCount "96"]
[EventDate "2018.07.02"]
[EventType "tourn"]
[EventCountry "NED"]
[SourceTitle "playchess.com"]
[Source "ChessBase"]
[SourceQuality "1"]

{[%evp 9,96,24,41,31,50,32,37,26,37,36,38,13,10,0,0,0,0,0,0,-5,0,-2,-8,-12,-8,-9,-8,-15,0,0,0,-19,7,-11,94,86,68,69,62,61,83,70,86,55,171,-34,-30,-34,-10,-59,-28,-79,0,-114,-101,-162,-111,-111,-114,-129,-122,-97,-90,-91,-78,-79,-87,-87,0,0,0,-6111,-6103,-6095,-6087,-5108,-5273,-2548,-4610,-6095,-6087,-29983,-29984,-29987,-29988,-29988,-29989,-29989,-29990]} 1. e4 g6 2. d4 c6 3. Nf3 Bg7 4. Nbd2 d6 5. c3 (5. Bd3 Nd7 6. O-O Qc7 7. Re1 e5 8. c3 Ngf6 9. Nf1 O-O 10. Ng3 b6 11. Bg5 h6 12. Bd2 {0-1 (58) Zvjaginsev,V (2660)-Novikov,S (2536) Moscow 2015}) 5... Nd7 {LiveBook: 4 Games} 6. a4 {[%cal Ba2a4,Ba4a5][%mdl 32] B06: Modern Defence} Qc7 $146 ({Predecessor:} 6... a5 7. Bc4 e6 8. O-O Ne7 9. b3 c5 10. Ba3 b6 11. Bb5 O-O 12. Qe2 {1-0 (62) Guyot,P (2320)-Boutteville,C (2275) Royan 1989}) 7. a5 Ngf6 8. Bc4 {White is slightly better.} O-O 9. O-O d5 10. Bd3 e5 11. Re1 exd4 12. Nxd4 Nc5 13. Bc2 Ncxe4 14. Nxe4 Nxe4 15. Bxe4 dxe4 16. Rxe4 c5 17. Bf4 Qd7 18. Nf3 Qf5 19. Qe2 Be6 {White must now prevent ...Bd5.} 20. c4 {[%cal Bc3c4,Bc4b5][%mdl 32]} b5 21. Nh4 Qf6 (21... Qg4 $11 {remains equal.} 22. Qxg4 Bxg4) 22. Be5 $16 Qd8 {...Bxe5 is the strong threat.} 23. Bxg7 Kxg7 24. cxb5 Rb8 $1 25. Nf3 Qd7 26. Ng5 {[%cal Re4e6]} Bf5 (26... Qxb5 $14 27. Nxe6+ (27. Rxe6 fxe6 28. Qe5+ Kg8 $11) 27... fxe6) 27. Rh4 $2 (27. Re7 $18 Qxb5 28. Qe5+ Kg8 29. g4 (29. Rxa7 Qxb2 30. Qxb2 Rxb2 $16)) 27... h6 $15 28. Nf3 Qxb5 29. Qe3 h5 30. Re1 (30. Rxh5 $11 {keeps the balance.} gxh5 31. Qe5+ f6 32. Qxf5) 30... Qxa5 ({Black should try} 30... Kg8 $17 31. Qc1 Rfc8) 31. Qe5+ (31. Rxh5 $11 gxh5 32. Qe5+ Kg8 33. Qxf5) 31... f6 $17 32. Qd5 (32. Qd6 $17 {keeps fighting.}) 32... Rfe8 ({Weaker is} 32... Rxb2 33. Re7+ Kh6 34. Rxh5+ $1 {[%mdl 512]} gxh5 35. Qxf5 $11) (32... Rfd8 $19 33. Qc6 Rb6) 33. Rxe8 Rxe8 34. Qb7+ Kh6 {( -> ...Qa1+)} 35. h3 Qb6 $40 {[%mdl 128] Black has strong attack.} 36. Qf7 Qe6 37. Qxa7 Be4 {And now ...g5 would win.} 38. Nd2 f5 (38... Bc2 $17 {Threatens to win with ...Qe1+.} 39. Nf1 Qe1) 39. Nxe4 $11 ({But not} 39. Qxc5 g5 $17) 39... fxe4 {[%mdl 4096] Endgame KQR-KQR} 40. Rf4 $2 {[%mdl 8192]} (40. Qxc5 $2 g5 $19) (40. Qc7 $11) 40... e3 $19 41. Rf7 {[#]} e2 $1 42. Rh7+ Kg5 43. Qxc5+ Kf6 44. Qc3+ Qe5 45. Qf3+ Kg5 {[%cal Re2e1] Black mates.} 46. g3 e1=Q+ 47. Kg2 Qf5 48. h4+ Kf6 {Precision: White = 44%, Black = 51%.} 0-1

[Event "NED-ch Women 2018"]
[Site "Amsterdam"]
[Date "2018.07.10"]
[Round "7"]
[White "Ratsma, Rosa"]
[Black "De Mie, Mariska"]
[Result "1-0"]
[WhiteElo "2265"]
[BlackElo "2193"]
[Annotator "TA"]
[PlyCount "64"]
[EventDate "2018.07.02"]
[EventType "tourn"]
[EventCountry "NED"]
[SourceTitle "playchess.com"]
[Source "ChessBase"]
[SourceQuality "1"]

{[%evp 20,64,76,83,75,80,71,72,69,75,111,101,110,128,156,116,207,196,227,226,217,221,306,277,341,333,350,323,359,350,503,497,502,503,494,509,573,587,564,578,766,749,856,862,1072,1064,29999]} 1. e4 c5 2. Nf3 e6 3. d4 cxd4 4. Nxd4 a6 5. Bd3 g6 6. O-O Bg7 7. Be3 Nf6 8. c4 d6 9. Nc3 O-O 10. Be2 Qc7 {B42: Sizilianisch (Paulsen-Variante)} (10... Nbd7 11. Qd2 d5 12. exd5 exd5 13. cxd5 Nb6 14. Bh6 Bxh6 15. Qxh6 Nbxd5 16. Nxd5 Qxd5 17. Qf4 Rd8 18. Rad1 {1-0 (44) Berg,E (2567)-Bischoff,K (2488) Germany 2016}) 11. Rc1 {LiveBook: 3 Partien} b6 12. Qd2 Bb7 {Weiß steht besser.} 13. f3 Nbd7 14. Rfd1 Rad8 15. b4 $146 ({Vorgänger:} 15. b3 Rfe8 16. Bf1 Qb8 17. Bg5 {½-½ (40) Sugar,K (2151)-Liem,R Porto 2007}) 15... Qb8 16. Nb3 Ne8 17. a4 Rc8 (17... Ba8 $16 18. Bg5 f6) 18. a5 $18 Ne5 19. Na4 {[%cal Bc3a4,Ba4b6,Bb6d7,Bd7f8][%mdl 32]} ({Weniger gut wäre} 19. Bxb6 Nxc4 20. Bxc4 Rxc4 $11) 19... bxa5 20. Nxa5 f5 21. exf5 gxf5 22. c5 d5 23. Nb6 Rc7 24. Bf4 Kh8 (24... Rff7 {kämpft weiter.} 25. Qe3 Ng6 26. Bxc7 Nxc7 27. Nxb7 f4) 25. Qe3 {Weiß steht klar auf Gewinn.} Ng6 {[#]} 26. Nd7 $1 {[%mdl 512]} d4 (26... Rxd7 27. Bxb8) 27. Qd2 Qc8 28. Nxf8 Nxf4 29. Qxf4 e5 30. Qg3 f4 31. Qg5 Bf6 32. Qh6 {[#] jetzt Sg6+ und aus.} Bg7 {Precision: Weiß = 97%, Schwarz = 31%.} 1-0

[Event "NED-ch Women 2018"]
[Site "Amsterdam"]
[Date "2018.07.10"]
[Round "7"]
[White "Hortensius, Lisa"]
[Black "Keetman, Maaike"]
[Result "1/2-1/2"]
[WhiteElo "2169"]
[BlackElo "2151"]
[Annotator "TA"]
[PlyCount "144"]
[EventDate "2018.07.02"]
[EventType "tourn"]
[EventCountry "NED"]
[SourceTitle "playchess.com"]
[Source "ChessBase"]
[SourceQuality "1"]

{[%evp 20,144,21,0,57,58,58,52,53,55,68,58,54,40,63,56,61,54,80,55,63,47,87,87,122,117,117,114,122,97,101,103,100,103,171,152,171,140,169,170,170,158,178,171,178,171,175,90,170,170,170,170,170,126,123,0,160,157,170,168,155,112,112,112,112,112,112,112,112,112,112,105,112,0,0,0,0,0,0,0,0,0,83,0,0,0,0,0,0,0,0,0,0,0,6,6,35,6,6,8,40,47,37,35,35,37,223,213,113,64,63,15,21,0,68,79,87,49,175,0,0,0,0,0,0,0,0]} 1. e4 c5 2. Nf3 Nc6 3. d4 cxd4 4. Nxd4 e5 5. Nb5 d6 6. N1c3 a6 7. Na3 b5 8. Nd5 Nce7 9. c4 Nxd5 10. Qxd5 Be6 11. Qd1 {LiveBook: 6 Partien} (11. Qd3 {feels hotter.} bxc4 12. Nxc4 Nf6 13. Be2 d5 14. exd5 Qxd5 15. Qxd5 Nxd5 16. Nxe5 Nb4 17. O-O) 11... bxc4 {B32: Sizilianisch (Löwenthal-Variante)} ({Besser ist} 11... Nf6 $11) (11... Nf6 12. Bd3 bxc4 13. Qa4+ Bd7 14. Qxc4 Be7 15. O-O O-O 16. Qc2 Qb8 17. Qe2 Qb7 18. Nc4 Be6 19. Re1 {½-½ (29) Franco Valencia,A (2108)-Hernandez Sanchez,J (2377) Dosquebradas 2018}) 12. Bxc4 $14 Nf6 13. O-O Be7 {Weiß steht etwas besser.} 14. Bg5 O-O 15. Bxf6 Bxf6 16. Qd3 $146 ({Vorgänger:} 16. Qe2 Qa5 17. Bxe6 fxe6 18. Nc4 Qb5 19. Rfe1 {0-1 (46) Nakonechny,I (1997)-Grigoryeva,O (2137) Voronezh 2016}) 16... Be7 17. Bd5 Ra7 18. Rfd1 Kh8 19. Nc4 Bd7 20. Ne3 Bg5 21. Bc4 Bxe3 22. Qxe3 ({Auf keinen Fall} 22. fxe3 $6 Bc6 $14) 22... Qb8 23. Rxd6 Qxb2 24. Rad1 Rc7 25. Rxd7 Rxc4 26. Rxf7 $40 {[%cal Rf7f8][%mdl 128] [#] Weiss will per K.O. gewinnen.} Rcc8 (26... Rg8 $16) 27. Rxf8+ $18 Rxf8 {[%mdl 4096] Endspiel KDT-KDT} 28. Qc5 {[%cal Rc5f8]} Kg8 29. Qd5+ Kh8 30. Qd2 Qb6 31. g3 h6 32. Kg2 Qc6 33. Qd5 (33. Qe3 $18) 33... Qc3 (33... Qf6 $16) 34. Qd3 Qc6 35. Rd2 Kh7 36. Qd5 Qc3 37. Qd3 Qc6 $1 38. Rc2 Qa4 39. Qc4 Qa3 40. Rc3 Qb2 41. Rf3 Rxf3 42. Kxf3 $16 {KD-KD} Qa3+ 43. Qb3 Qc1 44. Kg2 Qc5 45. Qd3 a5 46. f4 (46. Qd5 $16 Qc7 47. a3) 46... Qc1 $11 47. fxe5 {Droht stark e6.} Qb2+ 48. Kh3 Qxa2 49. Qd7 Qf2 50. e6 Qf1+ (50... Qe2 $1 $11 {hält das Gleichgewicht.}) 51. Kh4 (51. Kg4 $16 {Droht e7 und aus.} Qe2+ 52. Kf4 Qf2+ 53. Ke5) 51... Qf6+ 52. Kg4 h5+ 53. Kxh5 Qg6+ 54. Kh4 Qxe4+ 55. Kh3 Qf5+ 56. Kg2 Qc2+ 57. Kf3 Qc3+ 58. Ke4 Qc4+ 59. Ke5 {Und weiter mit e7 wäre nett.} Qc5+ 60. Qd5 Qc7+ 61. Qd6 Qc3+ 62. Kd5 Qd3+ $2 ({Lieber} 62... Qf3+ $14 63. Kd4 Qf2+ 64. Kd5 Qf3+ 65. Kc5 a4) 63. Kc6 Qa6+ 64. Kd7 Qb7+ 65. Kd8 {zielt auf e7 ab.} (65. Qc7 $5 {[%cal Rc7b7]} Qd5+ 66. Ke7 $18) 65... Qa8+ 66. Kd7 Qb7+ 67. Qc7 $1 {[%cal Rc7b7]} Qd5+ 68. Ke7 {Schwarz muss nun Dd7 beachten.} Qg5+ {[#]} ({Günstiger ist} 68... Qa8 $1 $14) 69. Kf8 $2 (69. Ke8 $1 $18 {Und Dc2+ würde nun gewinnen.} Qd5 70. Qd7) 69... Qf6+ {Die Stellung ist ausgeglichen.} 70. Qf7 {Weiss will mit Dxf6 Matt setzen.} Qd8+ 71. Qe8 Qf6+ 72. Qf7 {Droht Matt per Dxf6.} Qd8+ {Precision: Weiß = 56%, Schwarz = 48%.} 1/2-1/2